| 000 | 00773pam a2200229 a 4500 | ||
|---|---|---|---|
| 001 | 1162858 | ||
| 005 | 20180227040204.0 | ||
| 008 | 960612s1997 mauab b 001 0 eng | ||
| 010 | _a 96026205 | ||
| 020 | _a0201566494 (hardcover) | ||
| 040 |
_aDLC _cDLC _dDLC |
||
| 041 | _aeng | ||
| 080 | _a372.7 ric | ||
| 082 | 0 | 0 |
_a372.7 ric _220 |
| 100 | 1 | _a38 | |
| 101 | _amat | ||
| 245 | 1 | 2 |
_aA problem solving approach to mathematics for elementary school teachers / _cRick Billstein, Shlomo Libeskind, Johnny W. Lott. |
| 504 | _aIncludes bibliographical references and index. | ||
| 906 |
_a7 _bcbc _corignew _d1 _eocip _f19 _gy-gencatlg |
||
| 942 |
_2ddc _cBK |
||
| 999 |
_c43555 _d43555 |
||